000 01064nam a2200277 a 4500
001 000023880
005 20250526110105.0
008 110115s1966 sp r 000 0 spa d
040 _aDO-SdBNP
_bspa
_cBNPHU
041 1 7 _aspa
_hita
_2Código de idiomas MARC
082 _a152.4
_bF727v
100 1 _aFornari, Franco,
_949125
240 1 3 _aLa vita affettiva originaria del bambino.
_lEspañol
245 1 3 _aLa vida afectiva originaria del niño /
_cFranco Fornari ; traducción de Alberto Rueda Estrada.
260 _aMadrid :
_bFax,
_c1966.
300 _a242 p. ;
_c20 cm.
490 1 _aPsicología - Medicina - Pastoral
_v52
504 _aIncluye referencias bibliográficas y notas al pie de las páginas.
534 _pTítulo original en italiano:
_tLa vita affettiva originaria del bambino.
_cMilano : Feltrinelli, 1963
650 0 _aEmociones
_9156
650 0 _aPsicología
_9152
650 4 _aAfecto (psicología)
_9157
700 1 _aRueda Estrada, Alberto,
_etr.
_949126
830 0 _aPsicología - Medicina - Pastoral ;
_v52
_949127
049 4 _aBNGR
999 _c23376
_d23376